000 00372nam a2200133Ia 4500
008 220217s9999||||xx |||||||||||||| ||und||
020 _a81224189910
082 _a658.311 PAR
100 _aParthasarathy S
245 0 _aPlacement preparation
260 _aNew aga international
_bNew Delhi
_c2006
300 _aXIV, 133p.
_b150
650 _aHUMAN RESOURCE MANAGEMENT
999 _c183405
_d183405